000 01124nam a2200301 i 4500
001 768714001
003 CO-MdFUSB
005 20210602155123.0
007 ta
008 200603t2010 ck |||| |||| 00| 0 spa d
020 _a978958704911
040 _aCO-MdFUSB
_bspa
_cCO-MdFUSB
_dCO-MdFUSBC
_erda
041 _aspa
082 _223
_a863.7
_bV182
100 _aVallejo, Fernando
_d1942-
_eautor
245 3 _aEl don de la vida
_c/ Fernando Vallejo
264 1 _aBogotá, Colombia :
_bAlfaguara,
_c[2010]
264 4 _c©2010
300 _c162 páginas ;
_a24 cm
336 _2rdacontent
_atexto
_btxt
337 _2rdamedia
_asin mediación
_bn
338 _2rdacarrier
_avolumen
_bnc
520 _a- Pero dígame una cosa, maestro; ¿Cuando usted dice "yo" en sus novelas es usted? - No, es un invento mío. Como yo. Yo también me inventé. Y aquí me tienen en esas bancas de viejos desocupados de este parque de mendigos y prostitutos hablando con el viento o con quien sea y al borde del negro abismo.
563 _aRústico
650 7 _2embne
_92518
_aLiteratura colombiana
942 _cBK
945 _aJTF-925
999 _c66028
_d66028